| 000 | 00771nam a22001577a 4500 | ||
|---|---|---|---|
| 003 | OSt | ||
| 005 | 20161105092336.0 | ||
| 008 | 161105b xxu||||| |||| 00| 0 eng d | ||
| 040 | _cRUA | ||
| 082 | _aAGR SOE 2015 B520 Or.1 | ||
| 100 |
_911198 _aSOEURN SANDA; សឿន សាន់ដា |
||
| 245 | _aStudy on the economy of farmers growing cruciferous vegetable in banan and battambang province, ការសិក្សាទៅលើកម្រិតជីវភាពប្រជាកសិករដាំដំណាំបន្លែស្លឹកទៅស្រុកបាណន់ និងក្រុងបាត់ដំបង ខេត្តបាត់ដំបង | ||
| 260 |
_aRUA _bSOE _c2015 |
||
| 300 |
_axi,71p. _bill. _c29cm. |
||
| 942 |
_2ddc _cAGR |
||
| 999 |
_c10766 _d10766 |
||